Seventh - day baptists - their legacy to adventists

Gardado en:
Detalles Bibliográficos
Autor Principal: Thomson, Russel J.
Formato: Libro
Idioma:inglés
Publicado: Pacific Press. 1971.
Subjects:
Tags: Engadir etiqueta
Sen Etiquetas, Sexa o primeiro en etiquetar este rexistro!

MARC

LEADER 00000nam a22000005a 4500
001 9809
003 CL-ChBUA
005 20120815103216.0
008 070301s1971 xxu 000 0 eng
040 |a CL-ChBUA  |c CL-ChBUA 
082 0 0 |a 286.1 
090 |c 9809  |d 9809 
100 1 |a Thomson, Russel J. 
245 1 0 |a Seventh - day baptists - their legacy to adventists 
260 |b Pacific Press.  |c 1971. 
300 |c 20 cm. 
650 4 |a IGLESIA BAUTISTA. 
942 |c LIB 
952 |0 0  |1 0  |4 0  |7 0  |9 14403  |a UNACH  |b UNACH  |c 200  |d 2007-03-05  |i 13.209.  |l 2  |o 286.1 / T 481.  |p 15402  |r 2023-05-31 00:00:00  |s 2023-05-30  |u 14403  |w 2012-08-08  |y LIB  |k 286.1 / T 481. 
999 |c 9809  |d 9809